Cyprus in the Eurovision Song Contest - Statistics

General Stats
  • This quiz has been taken 18 times
    4 since last reset
  • The average score is 11 of 42
Answer Stats
Answer % Correct
Break A Broken Heart
100%
Ela (Έλα)
100%
Fuego
100%
Jalla (Κι άλλα)
100%
Liar
100%
Shh
100%
El Diablo
75%
Gravity
75%
La La Love
75%
Replay
75%
Alter Ego
50%
Ela Ela
25%
Mana mou (Μάνα μου)
25%
Monika (Μόνικα)
25%
One Thing I Should Have Done
25%
An me thimasai (Aν με θυμάσαι)
0%
Anna Mari-Elena (Άννα Μαρί-Έλενα)
0%
Apopse as vrethoume (Απόψε ας βρεθούμε)
0%
Aspro mavro (Άσπρο μαύρο)
0%
Comme ci, comme ça
0%
Feeling Alive
0%
Femme Fatale
0%
Firefly
0%
Genesis (Γένεσις)
0%
Gimme
0%
I agapi akoma zi (Η αγάπη ακόμα ζει)
0%
Ime anthropos ki ego (Είμαι άνθρωπος κι εγώ)
0%
Life Looks Better in Spring
0%
Milas poli (Μιλάς πολύ)
0%
Mi stamatas (Μη σταματάς)
0%
Mono gia mas (Μόνο για μας)
0%
Mono i agapi (Μόνο η αγάπη)
0%
Nomiza (Νόμιζα)
0%
San aggelos s'agapisa (Σαν άγγελος σ'αγάπησα)
0%
S.O.S.
0%
Sti fotia (Στη φωτιά)
0%
Stronger Every Minute
0%
Teriazoume (Ταιριάζουμε)
0%
Tha'ne erotas (Θα'ναι έρωτας)
0%
To katalava arga (Το κατάλαβα αργά)
0%
Tora zo (Τώρα ζω)
0%
Why Angels Cry
0%
No matching quizzes found
Score Distribution
Percent of People with Each Score
Percentile by Number Answered
Your Score History
You have not taken this quiz since the last reset